A Visegrádi országok választási- és pártrendszerének összehasonlítása a rendszerváltástól napjainkig

Bibliográfiai részletek
Szerző: Szijj Balázs
További közreműködők: Gyene Dr. Pál
Dokumentumtípus: Diplomadolgozat
Kulcsszavak:Választási rendszerek
Pártrendszerek
Visegrádi országok
Online Access:http://dolgozattar.uni-bge.hu/20649

MARC

LEADER 00000nta a2200000 i 4500
001 dolg20649
005 20200529142832.0
008 190506suuuu hu om 000 hun d
040 |a BGE Dolgozattár Repozitórium  |b hun 
041 |a hu 
100 1 |a Szijj Balázs 
245 1 2 |a A Visegrádi országok választási- és pártrendszerének összehasonlítása a rendszerváltástól napjainkig  |c Szijj Balázs  |h [elektronikus dokumentum] 
695 |a Választási rendszerek 
695 |a Pártrendszerek 
695 |a Visegrádi országok 
700 1 |a Gyene Dr. Pál  |e ths 
856 4 0 |u http://dolgozattar.uni-bge.hu/20649/1/Szakdolgozat%20Szijj%20Bala%CC%81zs%20pdf.pdf  |z Dokumentum-elérés